<?xml version="1.0" encoding="utf-8"?>
<?xml-stylesheet type='text/xsl' href='./oai2.xsl'?>
<OAI-PMH xmlns="http://www.openarchives.org/OAI/2.0/" xmlns:xsi="http://www.w3.org/2001/XMLSchema-instance" xsi:schemaLocation="http://www.openarchives.org/OAI/2.0/ http://www.openarchives.org/OAI/2.0/OAI-PMH.xsd">
  <responseDate>2026-04-28T07:27:01Z</responseDate>
  <request verb="GetRecord" metadataPrefix="marcxml" identifier="record_kuniweb_401574">https://kulturerbe.niedersachsen.de/oai</request>
  <GetRecord>
    <record>
      <header>
        <identifier>record_kuniweb_401574</identifier>
        <datestamp>2025-08-28T09:38:22Z</datestamp>
        <setSpec>slg0183</setSpec>
      </header>
      <metadata>
        <marc:record xmlns:marc="http://www.loc.gov/MARC21/slim" xsi:schemaLocation="http://www.loc.gov/MARC21/slim http://www.loc.gov/standards/marcxml/schema/MARC21slim.xsd">
          <marc:leader>12345nkm  22     uu 4500</marc:leader>
          <marc:controlfield tag="001">401574</marc:controlfield>
          <marc:controlfield tag="003">http://kuniweb.gbv.de</marc:controlfield>
          <marc:controlfield tag="005">2025-04-16T11:06:29</marc:controlfield>
          <marc:controlfield tag="008">|           ||||||||||||||||||||||</marc:controlfield>
          <marc:datafield tag="245" ind1="1" ind2="0">
            <marc:subfield code="a">Der Dorfschulmeister seine Gebühren einsammelnd</marc:subfield>
          </marc:datafield>
          <marc:datafield tag="720" ind1=" " ind2=" ">
            <marc:subfield code="a">Carl Schröder</marc:subfield>
          </marc:datafield>
          <marc:datafield tag="655" ind1=" " ind2="7">
            <marc:subfield code="a">Malerei</marc:subfield>
          </marc:datafield>
          <marc:datafield tag="046" ind1=" " ind2=" ">
            <marc:subfield code="k">1854</marc:subfield>
            <marc:subfield code="k">1854 (Signatur)</marc:subfield>
          </marc:datafield>
          <marc:datafield tag="260" ind1=" " ind2=" ">
            <marc:subfield code="g">1854</marc:subfield>
            <marc:subfield code="g">1854 (Signatur)</marc:subfield>
          </marc:datafield>
          <marc:datafield tag="300" ind1=" " ind2=" ">
            <marc:subfield code="a">Höhe: 62,9 cm
Höhe: 80 cm (Rahmen)
Breite: 83,6 cm
Breite: 101,3 cm (Rahmen)</marc:subfield>
          </marc:datafield>
          <marc:datafield tag="520" ind1=" " ind2=" ">
            <marc:subfield code="a">Vor der Tür eines strohgedeckten Bauernhauses steht der Schulmeister mit seinen singenden Schulkindern, im Hintergrund halten Knaben eine Stange, auf der Würste aufgereiht sind, in der Tür steht eine junge Bäuerin, die zwei Würste hoch hält, vor ihr legt die alte Bäuerin Eier in die Schürze eines Schulmädchens, mitten im Vordergrund ein Spitz. (Städtisches Museum Braunschweig)

Aufschrift:
"C. Schröder / 1854" (Signatur, unten links)

Aufschrift:
Rückseite o. li. Klebezettel m. rundem Museumsstempel, "Nr. / 328 / C. Schröder" (Tinte), li. auf Zettel: "13" (Blei), Schmuckrahmen li. o. "328 / Schröder" (Blei), o. re. Zettel m. Tesafilm: "81", u. re. Rest e. Zettels "27.." (Druck), li. u., seitenverkehrt "328" (Blei), li. Mitte Klebezettel m. rotem Museumsstempel, "Nr. / 328 / Schröder" (Tinte)

Veröffentlicht in:
M. Slg., S. 157r und v; BrT Nr. 131 v. 17.05.1867; ThB 30 (1936), S. 296f.; Stadtlexikon 1992, S. 207; BrBL 1996, S. 546f.; Sander 1828; Görges/Spehr/Fuhse 3 (1929), S. 404 (Sw-Abb. unter dem Titel "Wurstsammeln durch den Schulmeister und die Kinder"); Jesse 1933, sw-Abb. 5; Braunschweigische Heimat, Jg. 31, 5. Heft (Dezember 1940), Abb. S. 85 (Titel: "Wurstsammeln durch den Schulmeister und die Kinder"); Stelzer 1952b; Jacobeit 1987, S. 163; Spies 1988b, Nr. 81, Farb-Abb. S. 113; Richter 2006, Bd. 2, S. 108 (hier ältere Literatur); Preußen 2007, S. 13 (Farb-Abb.); Nauhaus 2009a, Taf. 26 (Farb-Abb.).

Veröffentlicht in:
K. Wiesemann, „Geschichte der Evangelischen Kirchengemeinde Friedrichsrode. Schriftenreihe der Friedrich-Christian-Lesser-Stiftung ; 33“. Iffland, Nordhausen-Salza, 2015. (S. 71, Abb. 28.)

Beschrieben in:
J. M. Nauhaus, „Die Gemäldesammlung des Städtischen Museums Braunschweig : vollständiges Bestandsverzeichnis und Verlustdokumentation. Die Gemäldesammlung // Städtisches Museum Braunschweig“. Olms, Hildesheim [u.a.], 2009. (S. 436, Nr. 1279.)</marc:subfield>
          </marc:datafield>
          <marc:datafield tag="650" ind1="1" ind2=" ">
            <marc:subfield code="a">Gemälde</marc:subfield>
          </marc:datafield>
          <marc:datafield tag="650" ind1="1" ind2=" ">
            <marc:subfield code="a">Malerei</marc:subfield>
          </marc:datafield>
          <marc:datafield tag="650" ind1="1" ind2=" ">
            <marc:subfield code="a">Genremalerei</marc:subfield>
          </marc:datafield>
          <marc:datafield tag="650" ind1="1" ind2=" ">
            <marc:subfield code="a">Lehrer</marc:subfield>
          </marc:datafield>
          <marc:datafield tag="650" ind1="1" ind2=" ">
            <marc:subfield code="a">Malerei &gt; Gemälde</marc:subfield>
          </marc:datafield>
          <marc:datafield tag="650" ind1="1" ind2=" ">
            <marc:subfield code="a">Malerei</marc:subfield>
          </marc:datafield>
          <marc:datafield tag="773" ind1="0" ind2=" ">
            <marc:subfield code="t">Sammlung Malerei</marc:subfield>
          </marc:datafield>
          <marc:datafield tag="852" ind1=" " ind2=" ">
            <marc:subfield code="a">Städtisches Museum Braunschweig</marc:subfield>
          </marc:datafield>
          <marc:datafield tag="" ind1=" " ind2=" ">
            <marc:subfield code="a">Namensnennung - Nicht kommerziell - Keine Bearbeitungen 4.0 International (CC BY-NC-ND 4.0)</marc:subfield>
          </marc:datafield>
        </marc:record>
      </metadata>
    </record>
  </GetRecord>
</OAI-PMH>
